000 00760nam a22002057a 4500
003 OSt
005 20140310181808.0
008 130704t xxu||||| |||| 00| 0 eng d
020 _a1876689285
050 _aTH 4817
_b.F566 2005
082 _aREF 643
_bF58 2005
245 _aFix it yourself :
_ba practical guide to essential home repairs and maintenance /
260 _aLondon :
_bReader's Digest Assoc., Ltd,
_cc2005.
300 _a399 p. ;
_bill, col. ;
_c30 cm.
520 _a1. Household appliances--Maintenance and repair--Amateur manuals. 2. Electric maintenance and repair--Amateur manuals. 3. Furniture manuals--Repairing--Amateur manuals.
521 _aBasic Ed. Students
541 _g15600
_j1
562 _e1
942 _2lcc
_cBK-GR
_kREF
999 _c3836
_d3836